000
00349pab a2200157 454500
008
180718b2001 xxu||||| |||| 00| 0 eng d
100
_a
Debroy, Bibek
245
_a
The millennium budget
260
_c
2001
300
_a
p.7-9
362
_a
Apr
650
_a
Budget - India - 2001-2002
650
_a
Budget
773
_a
Yojana
909
_a
48247
999
_c
48247
_d
48247